Quiz sur Napoléon - Statistiques

Statistiques générales
  • Ce quiz a été pris 55 fois
    50 depuis la dernière actualisation
  • Le résultat moyen est 9 sur 15
Statistiques - réponses
Questions Réponses % Correct
Dans quelle ville corse vit il le jour ? Ajaccio
95%
En quelle année Napoléon organisa t-il un coup d'Etat, pour mettre fin au Directoire ? 1799
86%
En 1821, sur quelle île Napoléon Ier meurt il, après 6 ans d'exil ? Sainte-Hélène
84%
En quelle année Napoléon Bonaparte est il né ? 1769
81%
En 1815, quelle défaite militaire marque la fin des 100 jours ? Bataille de Waterloo
79%
Quelle bataille, ayant eu lieu en 1805, est sans doute la plus célèbre de l'empereur ? Bataille d'Austerlitz
77%
Dans quel pays Napoléon connut il des déboires, dès 1812, au même titre qu'Hitler lors de la Seconde Guerre Mondiale ? Russie
70%
Pour contrer l'armée anglaise, dans quel pays Napoléon se rendit il après la Campagne d'Italie ? Egypte
63%
Quel peintre a réalisé Le Sacre de Napoléon, en 1807 ? Jacques-Louis David
51%
Quel général britannique a vaincu Napoléon lors de cette bataille ? Duc de Wellington
44%
A quelle date Napoléon proclama l'Empire (jour, mois, année? 2 Décembre 1804
42%
De quel homme politique Corse, indépendantiste, Napoléon s'inspire t-il au début de sa vie ? Pascal Paoli
37%
En Novembre 1796, quelle bataille est remportée lors de la Campagne d'Italie ? Bataille du pont d'Arcole
33%
Dans quelle école militaire Napoléon Bonaparte fit il sa formation ? Ecole Royale Militaire de Brienne
30%
Quel abbé, proche de Napoléon, est connu pour être à l'origine de la création de départements ? Emmanuel-Joseph Sièyes
21%
Aucun quiz correspondant
Distribution des résultats
% des personnes avec chaque résultat
Percentile par nombre de réponses
Votre historique - résultats
Vous n’avez pas pris ce quiz depuis la dernière actualisation